| 000 | 00493nam a2200193Ia 4500 | ||
|---|---|---|---|
| 005 | 20250423094822.0 | ||
| 008 | 250422s9999 xx 000 0 und d | ||
| 020 | _a9781352011302 | ||
| 050 | _aHB 501 .B46/ | ||
| 100 | _aClift, Ben | ||
| 245 | 0 | _aComparative political economy: states, markets and global capitalism | |
| 250 | _a2nd ed. | ||
| 260 | _aNew York | ||
| 260 | _bPalgrave Macmillan | ||
| 260 | _c2022 | ||
| 300 | _a372 p | ||
| 650 | _aComparative economics. | ||
| 942 | _cBK | ||
| 999 |
_c28386 _d28386 |
||